| 000 | 01368nam2a22002531 4500 | ||
|---|---|---|---|
| 001 | v19\rc\1245789 | ||
| 005 | 20250618022131.0 | ||
| 035 | _a(NLR Aleph) 004448772 | ||
| 090 |
_a4463187 _c4463187 |
||
| 100 | _a20060306d1888 |||y0rusy50 ca | ||
| 101 | 0 | _arus | |
| 102 | _aRU | ||
| 105 | _ay z ||||| | ||
| 200 | 0 | _aВып. 1 | |
| 210 |
_d1888 _aБ. м. |
||
| 215 | _a[2], 137, [2] с. | ||
| 300 | _aНа обл. дата: 1889 | ||
| 461 | 0 |
_1001v19\rc\1245788 _12001#$aНравственные воззрения В. Вундта$e("Этика", ч. 1 и 2, изд. "Русского богатства")$eКритич. исследование А. Бао. Вып. 1$vВып. 1$90 _1700#1$aБао$bА.К.$f1863-1893$gАлександр Константинович _94463183 _aБао, А.К. (1863-1893) _cВоронеж _d1888 _nтипо-лит. Губ. правл. _o("Этика", ч. 1 и 2, изд. "Русского богатства") : Критич. исследование А. Бао. Вып. 1 _tНравственные воззрения В. Вундта _vВып. 1$90 |
|
| 604 |
_150010$aЭтика _1700#1$aВундт$bВ.М.$f1832-1920$gВильгельм Макс _tЭтика _aВундт, Вильгельм Макс (1832-1920) |
||
| 801 | 0 |
_aRU _bNLR _gpsbo |
|
| 801 | 1 |
_aRU _bProSoft-M _2rusmarc |
|
| 852 |
_aNLR _j18.191.2.48 |
||
| 942 | _cBOOK | ||
| 980 | _aNB | ||